| 000 | 00440nam a2200157Ia 4500 | ||
|---|---|---|---|
| 008 | 230312s9999||||xx |||||||||||||| ||und|| | ||
| 020 | _a0-7879-5691-0 | ||
| 082 |
_a658.402 _bREE-H |
||
| 100 | _aRees,Fran | ||
| 245 | 0 | _aHow to Lead Work Teams | |
| 260 |
_bJossey-Bass/Pfeiffer _aFrancisco _c2001 |
||
| 300 | _a227 | ||
| 546 | _aEng. | ||
| 650 |
_aManagement _vTeamwork in Evolving Organizations,Facilitative style of Leadership |
||
| 942 | _cBK | ||
| 999 |
_c558 _d558 |
||